000 01122nam a2200313 i 4500
001 192826
003 SpMaBN
005 20250804062653.0
008 230529s2007 sp | |||| 000 spa
017 _aB 3366-2007
_bOficina Depósito Legal Barcelona
020 _a9788467222319
035 _a(OCoLC)433450092
040 _aSpMaBN
_bspa
_cSpMaBN
_erdc
_dES-MaACL
080 _a821.111-31"19"
100 1 _aSetterfield, Diane,
_d1964-
_9226474
_eaut
245 1 3 _aEl cuento número trece /
_cDiane Setterfield ; traducción de Matuca Fernández de Villavicencio
260 _aBarcelona :
_bCirculo de Lectores,
_c[2007]
300 _a412 páginas ;
_c22 cm
500 _aÍndice
534 _pTítulo original: The thirteenth tale
655 0 _aNovelas
_9234319
700 1 _9163854
_aFernández de Villavicencio, Matuca
_etrl
852 _aES-MaACL
_bR.152319
_cDEPOJ
_hDonación: José Lázaro García
_jN-8448
_xCartoné
_9200128
903 _9234219
_aLázaro García, José
_ednr
942 _cMONOGRAFIA
_n0
999 _c192826
_d192826